| 000 | 01197nam a22003135a 4500 | ||
|---|---|---|---|
| 008 | 110309t2011 maua frb 001 0deng d | ||
| 020 | _a0273756028 | ||
| 020 | _a9780273756026 | ||
| 040 |
_aEG-ScBUE _beng _cEG-ScBUE |
||
| 082 | 0 | 4 |
_a339 _bABE _222 |
| 100 | 1 |
_aAbel, Andrew B., _922411 |
|
| 245 | 1 | 0 |
_aMacroeconomics / _cAndrew B. Abel, Ben S. Bernanke and Dean Croushore. |
| 250 |
_a7th ed. , _bGlobal Edition |
||
| 260 |
_aBoston, Massachusetts : _bPearson / Adison Wesley, _cc.2011. |
||
| 300 |
_axxvi, 639 p. : _bcol. ill. ; _c27 cm. |
||
| 490 | 0 | _aThe Pearson Series in Economics ; | |
| 500 | _aIndex: p. 627-639. | ||
| 500 | _aGlossary: p. 615-626. | ||
| 504 | _aIncludes bibliographical references. | ||
| 590 | _aMohamed Hussein | ||
| 650 | 0 |
_aMacroeconomics. _922413 _2BUEsh |
|
| 651 | 0 |
_aUnited States _xEconomic conditions. _922414 _2BUEsh |
|
| 653 |
_bBUSECO _cOctober2012 |
||
| 700 | 1 |
_aBernanke, Ben. _eAuthor _922415 |
|
| 700 | 1 |
_aCroushore, Dean _eAuthor _922416 |
|
| 856 |
_3Student access code _uhttp://www.myeconlab.com _zFor obtaining access codes, please call the library on Ext. 1372 |
||
| 541 | _aBacca ; | ||
| 942 |
_cBB _2ddc _k339ABE |
||
| 999 |
_c14976 _d14976 |
||